| 000 | 00506nam a22001457a 4500 | ||
|---|---|---|---|
| 999 |
_c535719 _d535719 |
||
| 082 | _a621.3678 | ||
| 100 | _aIshfaq, Zara | ||
| 245 |
_aObject Oriented Image Analysis for Slum Detection and Mapping : A Case Study of Islamabad / _cZara Ishfaq. |
||
| 260 |
_aIslamabad : _bIGIS - NUST, _c2013. |
||
| 300 |
_a80 p. : ill. ; _c30cm. |
||
| 942 |
_2ddc _cTHE |
||
| 650 |
_aRemote Sensing & GIS - MS Theses. _928080 |
||
| 700 |
_aSup Dr. Javed Iqbal. _930361 |
||